000 00544nam a22001817a 4500
003 OSt
005 20260320151123.0
008 260320b |||||||| |||| 00| 0 Pun d
020 _a9788119838707
040 _cBGL
082 _a891.42 KAU:B
100 _a ਕੌਰ ਦੇਵਿੰਦਰ
245 _aਬਰਤਾਨਵੀ ਪੰਜਾਬੀ ਨਾਰੀ-ਸਾਹਿਤ: ਨਾਰੀ-ਡਾਇਸਪੋਰਾ-ਸਿਰਜਣ
260 _aNew Delhi
_bNavyug Publication
_c2025
300 _a244p
650 _aPunjabi
942 _2ddc
_cGB
999 _c44323
_d44323